Pentecoste: canti per la messa (Record n. 103017)

Dettagli MARC
000 -LEADER
fixed length control field 01982njm a2200313Ia 4500
001 - CONTROL NUMBER
control field G7153
003 - CONTROL NUMBER IDENTIFIER
control field IT-RoPAU
005 - DATE AND TIME OF LATEST TRANSACTION
control field 20220918181201.0
008 - FIXED-LENGTH DATA ELEMENTS--GENERAL INFORMATION
fixed length control field 131025s9999 xx 000 0 und d
040 ## - CATALOGING SOURCE
Original cataloging agency IT-RoPAU
040 ## - CATALOGING SOURCE
Transcribing agency IT-RoPAU
041 ## - LANGUAGE CODE
Language code of text/sound track or separate title ITALIANO
999 ## - SYSTEM CONTROL NUMBERS (KOHA)
Koha Dewey Subclass [OBSOLETE] n.d.
100 ## - MAIN ENTRY--PERSONAL NAME
Personal name Parisi Antonio
9 (RLIN) 28903
100 ## - MAIN ENTRY--PERSONAL NAME
Relator term Autore musica
9 (RLIN) 33027
100 ## - MAIN ENTRY--PERSONAL NAME
Miscellaneous information Codice autore musica SPICS: 35389
9 (RLIN) 28905
245 ## - TITLE STATEMENT
Title Pentecoste: canti per la messa
250 ## - EDITION STATEMENT
Edition statement 1a ed.
260 ## - PUBLICATION, DISTRIBUTION, ETC. (IMPRINT)
Place of publication, distribution, etc. ROMA
260 ## - PUBLICATION, DISTRIBUTION, ETC. (IMPRINT)
Name of publisher, distributor, etc. AUDIOVISIVI PAOLINE
Date of publication, distribution, etc. 2000 [1a Ed.:1997 - Ed. Lingua Orig.: 1997]
300 ## - PHYSICAL DESCRIPTION
Extent COMPACT DISC
300 ## - PHYSICAL DESCRIPTION
Dimensions 40 minuti (Testo: 16 pag.)
500 ## - GENERAL NOTE
General note Musica religiosa, liturgica. Incisione di 12 brani e libretto con testo e note sugli autori delle musiche. Realizzazione e direzione: Antonio Parisi; violoncello: Sara Gentile; tromba: Cesare Dell'Anna; registrazione: Studio Crescendo, Bari; tecnico del suono: Mario Bernardi; Digital Mastering: Marcello Spiridioni, Video Recording, Roma; grafica: Paola Baldo.
505 ## - FORMATTED CONTENTS NOTE
Formatted contents note Canti per i riti iniziali: La luce pasquale risplende (Liberto-Di Simone, 4:21) - Oggi discendi Spirito Santo (Giudici-Galliano, 4:09) - Vieni Spirito consolatore (Recalcati-Galliano, 5:36) - Signore pietà (Parisi-Liturgia, 1:38) - Gloria 2 (Parisi-Liturgia, 3:41). Canti per la liturgia della parola: Del tuo Spirito Signore (Parisi-Liturgia, 2:07) - Vieni Santo Spirito (Rainoldi-Liturgia, 4:00) - Alleluia, vieni Santo Spirito (Parisi-Liturgia, 2:40) - O Spirito di Dio (M. Frisina, 2:30). Altri canti: Rugiada di fuoco (Parisi-Ladisa, 3:55) - Emitte Spiritum tuum (Parisi-Galliano, 3:46) - Vieni o Spirito creatore (Recalcati-Liturgia, 3:04).
511 ## - PARTICIPANT OR PERFORMER NOTE
Participant or performer note Coro con voci soliste: Maria Luisa Dituri e Nicola Amodio diretti da Antonio Parisi
650 ## - SUBJECT ADDED ENTRY--TOPICAL TERM
Topical term or geographic name as entry element LITURGICO [COMPACT DISC]
Relator term Codice MATERIA SPICS: 9949
9 (RLIN) 27069
700 ## - ADDED ENTRY--PERSONAL NAME
Personal name Galliano Annamaria
Relator term Autore testo
Miscellaneous information Codice autore testo SPICS: 5671
9 (RLIN) 33028
942 ## - ADDED ENTRY ELEMENTS (KOHA)
Koha item type CD AUDIO
Source of classification or shelving scheme Dewey Decimal Classification
Dati di copia
Withdrawn status Lost status Damaged status Not for loan Home library Current library Date acquired Total Checkouts Full call number Date last seen Price effective from Koha item type Public note
    Buone Condizioni Not For Loan SPICS-MEDIATECA SPICS-MEDIATECA 25/10/2013   G7153 25/10/2013 25/10/2013 CD AUDIO Progr. Ins.: 22897 / N.Vol.: 1 / Copie: 1 - Copia rara: n.d. / date import: 01.01.2014 - By Epidotti, Trombetti, Vaglietti
CREDITS: SOCIETA' SAN PAOLO Via A.Severo, 58 - ROMA (RM) & PERIODICI SAN PAOLO SRL Via Giotto, 36 MILANO & CISF Via Giotto, 36 MILANO & EDIZIONI SAN PAOLO SRL,  Piazza Soncino, 5 CINISELLO BALSAMO (MI) -- ITALY